Vplyv prostredia na rastové vlastnosti G. candidum

Salvato in:
Dettagli Bibliografici
Autore principale: Loučková, Daniela (Autore)
Altri autori: Koňuchová, Martina (Relatore della tesi)
Natura: Manoscritto Libro
Lingua:slovacco
Pubblicazione: 2018
Soggetti:
Accesso online:http://is.stuba.sk/zp/portal_zp.pl?podrobnosti=132744
Tags: Aggiungi Tag
Nessun Tag, puoi essere il primo ad aggiungerne!!

MARC

LEADER 00000ntm a22000003a 4500
001 stuzp69647
003 SK-STU
005 20180623210922.3
007 ta
008 150427s2015----xo-----f-mn---000-0-slo-d
040 |a STU  |b slo 
041 0 |a slo 
100 1 |a Loučková, Daniela  |u 040270  |4 aut  |U FCHPT Ústav potravinárstva a výživy  |T FCHPT Oddelenie výživy a hodnotenia kvality potravín  |X 82163  |U C0270  |Y 686  |7 82163 
242 0 1 |a The effect of environmental factors on G. candidum growth characteristics  |y eng 
245 1 0 |a Vplyv prostredia na rastové vlastnosti G. candidum 
260 |c 2018 
650 4 |a vplyv teploty  |2 slo 
650 4 |a Geotrichum candidum  |2 slo 
650 4 |a vplyv NaCl  |2 slo 
650 4 |a dynamika rastu  |2 slo 
650 4 |a growth dynamics  |2 eng 
650 4 |a effect of NaCl  |2 eng 
650 4 |a effect of temperature  |2 eng 
650 4 |a Geotrichum candidum  |2 eng 
700 1 |a Koňuchová, Martina  |u 040270  |k Z1  |4 ths  |U FCHPT Ústav potravinárstva a výživy  |T FCHPT Oddelenie výživy a hodnotenia kvality potravín  |X 58763  |U C0270  |Y 686  |7 A0000058763 
856 4 |u http://is.stuba.sk/zp/portal_zp.pl?podrobnosti=132744